Nathan Peter /

Bibliographic Details
Other Authors: Bogart, Aaron (Editor), Peter, Nathan, 1978-
Format: Book
Language:English
Published: Berlin : Hatje Cantz, [2020]
Subjects:

MARC

Tag First Indicator Second Indicator Subfields
LEADER 00000cam a2200000Ii 4500
001 in00004397608
008 200509t20202020gw a bc 000 0 eng d
005 20250318223119.8
020 |a 9783775747226 
020 |a 3775747222 
024 3 |a 9783775747226 
035 |a (OCoLC)on1153978198 
035 |a (OCoLC)1153978198 
040 |a OHX  |b eng  |e rda  |c OHX  |d JPG  |d OCLCF 
050 4 |a N6537.P48  |b A4 2020 
072 7 |a N  |2 lcco 
245 0 0 |a Nathan Peter /  |c editor: Aaron Bogart. 
264 1 |a Berlin :  |b Hatje Cantz,  |c [2020] 
264 4 |c 2020 
300 |a 139 pages :  |b color illustrations ;  |c 29 cm 
336 |a text  |b txt  |2 rdacontent 
337 |a unmediated  |b n  |2 rdamedia 
338 |a volume  |b nc  |2 rdacarrier 
504 |a Includes bibliographical references. 
585 |a Catalog of an exhibition held at the PSM Gallery, Berlin, March 14 - April 18, 2020. 
600 1 0 |a Peter, Nathan,  |d 1978-  |v Exhibitions. 
655 7 |a Exhibition catalogs.  |2 fast  |0 (OCoLC)fst01424028 
700 1 |a Bogart, Aaron,  |e editor. 
700 1 2 |a Peter, Nathan,  |d 1978-  |t Works.  |k Selections. 
710 2 |a PSM Gallery (Berlin, Germany),  |e host institution. 
852 8 |b pda,print  |z This title is available for the library to purchase for your use. Click the "Purchase It For Me" button to place a request. This item may take 5-10 business days to arrive. 
955 |a Print PDA title 
999 f f |s 3ee6351c-42fa-4fe9-a393-ed2bf203548e  |i 5d8f0e8e-116f-3c95-8ce6-4e83f6673ce1  |t 0 
952 f f |a Texas A&M University  |b College Station  |c Sterling C. Evans Library  |d Purchase on Demand  |t 0  |e N6537.P48 A4 2020  |h Library of Congress classification 
998 f f |a N6537.P48 A4 2020  |t 0  |l Purchase on Demand